=LDR 00000nam 2200000 4500 =001 INLIS000000000047569 =005 20160109103011.0 =006 =007 =008 =035 ##$$0010-011600000000027 =082 ##$$a 028.5 =090 ##$$a 028.5 bun i.i =100 ##$$a bunda nanit dan jodhi p. giriarso =245 ##$$a iin si angin =260 ##$$a bumi aksara group =300 ##$$a hln.31 =850 ##$$a NPBMAT =990 ##$$a 0177/BPAP-NTB/2016 =990 ##$$a 21306398 =990 ##$$a 21306396